000 00315nam a22001337a 4500
008 170801b xxu||||| |||| 00| 0 eng d
020 _a9780131618039
041 _aeng
080 _a004
100 _a32
101 _aSHKI
245 _aCOMPUTATIONAL METHODS FOR LINEAR CONTROL SYSTEMS
_cPETKOV
942 _2udc
_cBK
999 _c22451
_d22451